| 000 | 00555cam a2200169 4500 | ||
|---|---|---|---|
| 001 | ABS61112 | ||
| 008 | 000000n1999 000 0 eng u | ||
| 035 | _a(Sirsi) u101674 | ||
| 100 | _aPayton, S. | ||
| 245 | _aCurbing the risks of internet use at work. | ||
| 260 | _c1999 | ||
| 490 |
_aNet Profit _v (32) August 1999, 9(1) |
||
| 520 | _aDiscusses the implications for companies of staff internet use and outlines the problems which may occur. | ||
| 650 | _aINTERNET | ||
| 690 | _aMANAGEMENT-BUSINESS MANAGEMENT-INFORMATION MANAGEMENT | ||
| 942 | _n0 | ||
| 999 |
_c60800 _d60800 |
||